Catholic University of Zimbabwe Library
Online Public Access Catalogue
(OPAC)

Out of Style (Record no. 24060)

MARC details
000 -LEADER
fixed length control field 01985cam a22004574a 4500
001 - CONTROL NUMBER
control field muse13362
003 - CONTROL NUMBER IDENTIFIER
control field MdBmJHUP
005 - DATE AND TIME OF LATEST TRANSACTION
control field 20210127150937.0
006 - FIXED-LENGTH DATA ELEMENTS--ADDITIONAL MATERIAL CHARACTERISTICS
fixed length control field m o d
007 - PHYSICAL DESCRIPTION FIXED FIELD--GENERAL INFORMATION
fixed length control field cr||||||||nn|n
008 - FIXED-LENGTH DATA ELEMENTS--GENERAL INFORMATION
fixed length control field 071005s2008 utu o 00 0 eng d
010 ## - LIBRARY OF CONGRESS CONTROL NUMBER
Canceled/invalid LC control number 2007041720
020 ## - INTERNATIONAL STANDARD BOOK NUMBER
International Standard Book Number 9780874216806
020 ## - INTERNATIONAL STANDARD BOOK NUMBER
Canceled/invalid ISBN 9780874216790 (pbk. : alk. paper)
020 ## - INTERNATIONAL STANDARD BOOK NUMBER
Canceled/invalid ISBN 0874216796 (pbk. : alk. paper)
035 ## - SYSTEM CONTROL NUMBER
System control number (OCoLC)476175514
040 ## - CATALOGING SOURCE
Original cataloging agency MdBmJHUP
Transcribing agency MdBmJHUP
050 04 - LIBRARY OF CONGRESS CALL NUMBER
Classification number P301
Item number .B79 2008
082 0# - DEWEY DECIMAL CLASSIFICATION NUMBER
Classification number 808/.042
Edition number 22
100 1# - MAIN ENTRY--PERSONAL NAME
Personal name Butler, Paul,
Dates associated with a name 1956-
245 10 - TITLE STATEMENT
Title Out of Style
Remainder of title Reanimating Stylistic Study in Composition and Rhetoric /
Statement of responsibility, etc. Paul Butler.
264 #1 - PRODUCTION, PUBLICATION, DISTRIBUTION, MANUFACTURE, AND COPYRIGHT NOTICE
Name of producer, publisher, distributor, manufacturer Utah State University Press,
264 #3 - PRODUCTION, PUBLICATION, DISTRIBUTION, MANUFACTURE, AND COPYRIGHT NOTICE
Name of producer, publisher, distributor, manufacturer Project MUSE,
300 ## - PHYSICAL DESCRIPTION
Extent 1 online resource (xii, 181 p.)
504 ## - BIBLIOGRAPHY, ETC. NOTE
Bibliography, etc. note Includes bibliographical references (p. [163]-175) and index.
505 0# - FORMATTED CONTENTS NOTE
Formatted contents note Introduction: reanimating style in composition and rhetoric -- Historical developments: relevant stylistic history and theory -- Our of style: reclaiming an "inventional" style in composition -- Style in the diaspora of composition studies -- Style and the public intellectual: rethinking composition in the public sphere -- Back in style: style and the future of composition studies.
506 0# - RESTRICTIONS ON ACCESS NOTE
Terms governing access Open Access
Standardized terminology for access restriction Unrestricted online access
Source of term star
588 ## - SOURCE OF DESCRIPTION NOTE
Source of description note Description based on print version record.
650 #0 - SUBJECT ADDED ENTRY--TOPICAL TERM
Topical term or geographic name entry element Rhetoric.
650 #0 - SUBJECT ADDED ENTRY--TOPICAL TERM
Topical term or geographic name entry element Language and languages
General subdivision Style.
655 #7 - INDEX TERM--GENRE/FORM
Genre/form data or focus term Electronic books.
Source of term local
710 2# - ADDED ENTRY--CORPORATE NAME
Corporate name or jurisdiction name as entry element Project Muse.
Relator term distributor
830 #0 - SERIES ADDED ENTRY--UNIFORM TITLE
Uniform title Book collections on Project MUSE.
856 40 - ELECTRONIC LOCATION AND ACCESS
Public note Full text available:
Uniform Resource Identifier <a href="https://muse.jhu.edu/book/9415/">https://muse.jhu.edu/book/9415/</a>
945 ## - LOCAL PROCESSING INFORMATION (OCLC)
a Project MUSE - Archive Higher Education Foundation
945 ## - LOCAL PROCESSING INFORMATION (OCLC)
a Project MUSE - Archive Complete Foundation
Holdings
Withdrawn status Lost status Source of classification or shelving scheme Damaged status Not for loan Home library Current library Shelving location Date acquired Total Checkouts Full call number Date last seen Uniform Resource Identifier Price effective from Koha item type
          Digital Library Digital Library Online Access 27.01.2021   P301 .B79 2008 27.01.2021 https://muse.jhu.edu/book/9415/ 27.01.2021 eBook

OPENING HOURS

Weekdays: 0815hrs - 1800hrs
Weekends:0900hrs - 1200hrs

Closed for Mass:

Mon, Thur: 1200hrs - 1300hrs
Sunday & Public Holiday’s

CALL SUPPORT

0242-570570, 0242-570169
09200664, +263 8644140602

LOCATION

18443, Cranborne Avenue, Hatfield, Harare

Other Links


©2021 | CUZ Library